000 01819nam0a22004091 4500
001 RU\NLR\A1SV\13313
005 20251203171251.9
035 _a(NLR Aleph) 009698625
090 _a9773111
_c9773111
100 _a19991202d1920 u y0rusy50 ca
101 0 _arus
102 _aRU
200 1 _aБобовые зерновые растения
_eКультура гороха, конских бобов, чечевицы, фасоли, люпинов и других растений
_eС 32 рис.
_fП.В.Будрин
205 _a3-е изд.
210 _aМ.
_cГос. изд.
_d1920
215 _a64 с.
_cил.
_d24 см
451 0 _1001RU\NLR\A1SV\13311
_12001#$aБобовые зерновые растения$eКультура гороха, конских бобов, чечевицы, фасоли, люпинов и других растений$eС 33 рис.$fП.В.Будрин
_1700#1$aБудрин$bП.В.$f1857-1939$gПетр Васильевич
_99773099
_aБудрин, П.В. (1857-1939)
_cПг.
_d1918
_fП.В.Будрин
_n6 Гос. тип.
_oКультура гороха, конских бобов, чечевицы, фасоли, люпинов и других растений : С 33 рис.
_p68 с.
_tБобовые зерновые растения
620 _dМосква
700 1 _aБудрин
_bП.В.
_f1857-1939
_gПетр Васильевич
801 0 _aRU
_bNLR
_c19991202
852 _aNLR
_j37.63.5.463
899 _aРГБ
899 _aНБ ТГУ
899 _aННБ РСО
899 _aМГУ
899 _aСПбГУ
899 _aS
899 _aЧОУНБ
899 _aБАН
899 _aНБЛ КГУ
899 _aКирОУНБ
899 _aНБ РКаз.
899 _aРКП
942 _cBOOK
980 _aNB
980 _aA1SV